00545nam a2200253Ia 4500003000400000005001700004008004000021040000700061041000800068082001100076100001900087245005500106260003600161300000700197650000800204650001300212650001000225650000700235650001000242650001100252650001000263650001000273650000800283OSt20231102102300.0210210b1910 xxu||||| |||| 00| 0 eng d cAL aeng a090/71 aSALDANHA (J A) aNotes on the first Anglo Indian and other subjects aSavantvadibNot Mentionedc1910 a16 athe asubjects aother aon aNotes aIndian afirst aAnglo aand